Ненадлежащее качество дорогостоящих товаров и услуг. Защита прав потребителя среднего класса

Detalles Bibliográficos
Autor principal: Перминова Е. В. Елена Викторовна
Sumario:Исключено из фонда НТБ ТПУ
Lenguaje:ruso
Publicado: Москва, Вершина, 2006
Formato: MixedMaterials Libro
KOHA link:https://koha.lib.tpu.ru/cgi-bin/koha/opac-detail.pl?biblionumber=130120

MARC

LEADER 00000nam0a2200000 4500
001 130120
005 20231031133817.0
010 |a 5962601637 
035 |a (RuTPU)RU\TPU\book\140921 
090 |a 130120 
100 |a 20080131d2006 km y0rusy50 ca 
101 0 |a rus 
102 |a RU 
105 |a y z 000zy 
200 1 |a Ненадлежащее качество дорогостоящих товаров и услуг. Защита прав потребителя среднего класса  |f Е. В. Перминова 
210 |a Москва  |a СПб.  |c Вершина  |d 2006 
215 |a 264 с. 
333 |a Исключено из фонда НТБ ТПУ 
700 1 |a Перминова  |b Е. В.  |g Елена Викторовна 
801 1 |a RU  |b 63413507  |c 20080131  |g PSBO 
801 2 |a RU  |b 63413507  |c 20220621  |g PSBO 
942 |c BK